Imiona nadane dzieciom w pierwszym półroczu 2018 r. - Statystyki

Ogólne statystyki
  • Ten quiz został rozwiązany 966 razy
  • Średni wynik to 18 z 40
Statystyki odpowiedzi
Liczba dzieci Imię % Poprawnych
4444 Jakub
74%
4084 Jan
73%
1830 Piotr
72%
4168 Julia
68%
2299 Aleksandra
66%
2247 Michał
64%
1958 Wiktor
61%
4612 Antoni
58%
4258 Zuzanna
57%
2118 Wiktoria
55%
2625 Maria
54%
1989 Natalia
54%
2757 Kacper
52%
3910 Zofia
52%
2422 Adam
51%
3991 Szymon
49%
3715 Aleksander
47%
3023 Filip
46%
2489 Oliwia
46%
3847 Maja
45%
2310 Stanisław
44%
3452 Franciszek
42%
3749 Lena
42%
3800 Hanna
41%
2618 Amelia
38%
2947 Wojciech
37%
2823 Alicja
36%
2906 Mikołaj
36%
2279 Marcel
34%
1893 Emilia
31%
1694 Igor
31%
1856 Antonina
28%
1934 Laura
28%
1636 Nikodem
26%
1712 Pola
25%
1750 Leon
24%
1588 Iga
23%
1575 Ignacy
23%
1502 Marcelina
22%
1479 Liliana
13%
Nie znaleziono quizów pasujących do podanych kryteriów
Rozkład punktacji
Procent ludzi z każdym wynikiem
Percentyl według liczby udzielonych odpowiedzi
Twoja historia wyników
Nie rozwiązałeś tego quizu